000 01430cam a2200409 a 4500
001 17177067
003 OSt
005 20140310181659.0
008 120223s2012 ph b b 000 0 eng
010 _a 2012325056
020 _a9789711012366
020 _z9711012366
040 _aDLC
_cDLC
_dDLC
042 _alcode
_apcc
043 _aa-ph---
050 0 0 _aDS 666.T3
_b.C683 2012
082 _aFIL 305.899218642
_b.C683 2012
100 1 _aCola, Raoul.
245 1 4 _aThe Tagbanua of Malampaya Sound
_bconserving nature as lifeways
_cRaoul Cola
246 3 0 _aConserving nature as lifeways
260 _aQuezon City
_bNew Day Publishers
_bWWF
_cc2012
300 _ax, 190 p.
_bmaps
_c23 cm.
504 _aIncludes bibliographical references (p. [187]-190).
521 _aCollege
526 _c1210L-1700L
541 _j1
562 _e1
650 0 _aTagbanua (Philippine people)
_xSocial life and customs.
650 0 _aTagbanua (Philippine people)
_xLand tenure.
650 0 _aIndigenous peoples
_xEcology
_zPhilippines
_zMalampaya Sound.
650 0 _aEnvironmental protection
_zPhilippines
_zMalampaya Sound.
650 0 _aCommunity-based conservation
_zPhilippines
_zMalampaya Sound.
651 0 _aMalampaya Sound (Philippines)
_xEnvironmental conditions.
906 _a7
_bcbc
_corigode
_d3
_encip
_f20
_gy-gencatlg
942 _2lcc
_cBK-FIL
_kFIL
999 _c1165
_d1165